| 000 | 00611nam a2200205Ia 4500 | ||
|---|---|---|---|
| 005 | 20241216011223.0 | ||
| 008 | 190429s9999||||xx |||||||||||||| ||und|| | ||
| 082 |
_a636.9 _bP76 |
||
| 100 | _aPOMA INCHE MARITZA DORIS | ||
| 245 | 0 | _aESTUDIO COMPARATIVO DE LAS LINEAS DE CUYES PERU ANDINA Y UN TESTIGO EN LA ZONA ALTO ANDINA HUAYRE A 4115 METROS DE ALTITUD | |
| 250 | _a0 | ||
| 260 |
_aCERRO DE PASCO-PERU _bUNDAC _c1997 |
||
| 300 |
_a175 pag. _c30 cm. |
||
| 341 | _h0 | ||
| 490 |
_v0 _a0 |
||
| 505 | _aLINEAS DE CUYES-ALTO ANDINA | ||
| 541 |
_aD _d22-Dec-98 _oSoles |
||
| 650 | _aZootecnia | ||
| 942 | _cTESIS | ||
| 999 |
_c35892 _d35892 |
||